000 00664cam a22001814a 4500
020 _a0415948207 (hdk. : alk. paper)
050 0 0 _aRC488
_b.S62 2004
100 1 _aSonstegard, Manford A.
245 1 0 _aAdlerian group counseling and therapy :
_bstep-by-step /
_cManford A. Sonstegard, James Robert Bitter, with Peggy Pelonis.
260 _aNew York :
_bBrunner-Routledge,
_cc2004.
300 _axxi, 198 p. :
650 1 2 _xmethods.
700 1 _aBitter, James Robert.
700 1 _aPelonis, Peggy.
856 4 1 _uhttp://www.loc.gov/catdir/toc/ecip047/2003018213.html
856 4 2 _uhttp://www.loc.gov/catdir/enhancements/fy0647/2003018213-d.html
942 _2lcc
_cGEN
999 _c7044
_d7044